000 00684nam a2200217 i 4500
001 128833
003 ES-MaACL
005 20230906193353.0
007 t|
008 070528s1908 fr ||||1| fre d
080 _a327(460:64)"19"
100 1 _aTardieu, André.
_9109273
245 1 3 _aLa Conférence d'Algésiras
_b: histoire diplomatique de la crise marocaine(15 janvier-7 abril 1906) /
_cpar André Tardieu.
250 _a10ª ed.
260 _aParis :
_bAlcan,
_c1908.
300 _a55 p. ;
_c23 cm.
490 1 _aBibliothèque d'histoire contemporaine
830 0 _aBibliothèque d'histoire contemporaine
_9180875
852 _aES-MaACL
_jG-7545
999 _c128833
_d128833